| 000 | 00877nam a22002897a 4500 | ||
|---|---|---|---|
| 001 | 8046 | ||
| 003 | FISKH | ||
| 005 | 20250819135220.0 | ||
| 008 | 250819b cb ||||| |||| 00| 0 eng d | ||
| 020 | _a9780744569186 | ||
| 040 |
_aFISKH _beng _cFISKH _dFISKH |
||
| 050 | _aPZ8.A33 M | ||
| 082 | _a823.914 | ||
| 100 |
_aAlborough, Jez _d(1959-) |
||
| 245 |
_aMy friend bear / _c By Jez Alborough |
||
| 250 | _aThis edition first published in 2000 | ||
| 260 |
_aLondon : _bWalker, _c1998 |
||
| 300 |
_a28 unnumbered pages : _bcolor illustrations ; _c27 cm |
||
| 505 | _aG | ||
| 520 | _aEddie and his teddy bear meet a very big bear in the woods, and Eddie and the big bear become good friends. | ||
| 521 | 8 |
_a370
_bLexile |
|
| 521 | 8 |
_aG
_bRaz-Plus |
|
| 650 |
_2Friendship _aTeddy bears |
||
| 650 |
_2Rhyming _aEmotions |
||
| 942 |
_2ddc _cBK _n0 |
||
| 999 |
_c8046 _d8046 |
||